Online
Catalog

Historia de la cuestión fronteriza dominico-haitiana / (Record no. 47349)

MARC details
000 -CABECERA
campo de control de longitud fija 01194nam a2200289 u 4500
001 - NÚMERO DE CONTROL
campo de control 000047861
005 - FECHA Y HORA DE LA ÚLTIMA TRANSACCIÓN
campo de control 20201002060759.0
008 - DATOS DE LONGITUD FIJA--INFORMACIÓN GENERAL
campo de control de longitud fija 090703s2012 dr r 000 0 spa d
020 ## - NÚMERO INTERNACIONAL ESTÁNDAR DEL LIBRO
Número Internacional Estándar del Libro 9789945457421 (tapa dura)
040 ## - FUENTE DE LA CATALOGACIÓN
Centro catalogador/agencia de origen DO-SdBNP
Lengua de catalogación spa
Centro/agencia transcriptor BNPHU
082 ## - NÚMERO DE LA CLASIFICACIÓN DECIMAL DEWEY
Número de clasificación 341.42729307294
Número de documento/Ítem P349h, 2012
100 1# - ENTRADA PRINCIPAL--NOMBRE DE PERSONA
Nombre de persona Peña Batlle, Manuel Arturo,
Fechas asociadas al nombre 1902-1952
9 (RLIN) 8406
245 10 - MENCIÓN DE TÍTULO
Título Historia de la cuestión fronteriza dominico-haitiana /
Mención de responsabilidad, etc. Manuel Arturo Peña Batlle ; presentación Vicente Bengoa Albizu ; exordio Mariano Mella.
250 ## - MENCIÓN DE EDICIÓN
Mención de edición 3a ed.
260 ## - PUBLICACIÓN, DISTRIBUCIÓN, ETC.
Lugar de publicación, distribución, etc. Santo Domingo :
Nombre del editor, distribuidor, etc. Banreservas,
Fecha de publicación, distribución, etc. 2012.
300 ## - DESCRIPCIÓN FÍSICA
Extensión 530 ;
Dimensiones 24 cm.
490 1# - MENCIÓN DE SERIE
Mención de serie Bibliófilos-Banreservas ;
Designación de volumen o secuencia 9 ;
504 ## - NOTA DE BIBLIOGRAFÍA, ETC.
Nota de bibliografía, etc. Incluye referencias bibliográficas y notas al pie de las páginas.
590 ## - NOTA LOCAL (RLIN)
Nota local Inventariado, 2018/YL
651 #4 - PUNTO DE ACCESO ADICIONAL DE MATERIA--NOMBRE GEOGRÁFICO
Nombre geográfico República Dominicana
Subdivisión general Incidentes Fronterizos
9 (RLIN) 8407
651 #4 - PUNTO DE ACCESO ADICIONAL DE MATERIA--NOMBRE GEOGRÁFICO
Nombre geográfico Haití
Subdivisión general Incidentes Fronterizos
9 (RLIN) 8408
651 #4 - PUNTO DE ACCESO ADICIONAL DE MATERIA--NOMBRE GEOGRÁFICO
Nombre geográfico República Dominicana
Subdivisión general Historia
-- Limites
Subdivisión geográfica Haití
9 (RLIN) 8409
651 #4 - PUNTO DE ACCESO ADICIONAL DE MATERIA--NOMBRE GEOGRÁFICO
Nombre geográfico Haití
Subdivisión general Historia
-- Limites
Subdivisión geográfica República Dominicana
9 (RLIN) 8410
700 12 - PUNTO DE ACCESO ADICIONAL--NOMBRE DE PERSONA
Nombre de persona Bengoa Albizu, Vicente
Término indicativo de función/relación pres.
9 (RLIN) 68038
700 12 - PUNTO DE ACCESO ADICIONAL--NOMBRE DE PERSONA
Nombre de persona Mella, Mariano
Término indicativo de función/relación exo.
9 (RLIN) 2101
830 #0 - PUNTO DE ACCESO ADICIONAL DE SERIE-TÍTULO UNIFORME
Título uniforme Bibliófilos-Banreservas
Número de parte o sección de la obra 9
9 (RLIN) 75420
Holdings
Estado de retiro Estado de pérdida No para préstamo Código de colección Localización permanente Ubicación/localización actual Ubicación en estantería Fecha de adquisición Número de inventario Total de préstamos Signatura topográfica completa Código de barras Fecha visto por última vez Precio válido a partir de Tipo de ítem Koha
    Excluido de préstamo Patrimonio Dominicano Patrimonio Dominicano Patrimonio Dominicano En catalogación 31.08.2018 LF1   341.42729307294 P349h, 2012 47861-10 25.06.2020 25.06.2020 Libro y Folleto Colección Patrimonio Dominicano

Powered by Koha